Statistics for 10 Famous People Named Jeff

Click here to take the quiz!

General Stats

  • This quiz has been taken 13,326 times
    (10,446 since last reset)
  • The average score is 6 of 10

Answer Stats

HintAnswer% Correct
Actor who played "The Dude"Jeff Bridges
79%
Starred in "The Fly" and "Jurassic Park"Jeff Goldblum
78%
Amazon CEO whose net worth exceeded $100 billion in 2017Jeff Bezos
73%
"Canterbury Tales" authorGeoffrey Chaucer
59%
America's most notorious cannibalJeffrey Dahmer
59%
Actor who was either Dumb or Dumber, not sure whichJeff Daniels
47%
Former partner of the Fresh PrinceDJ Jazzy Jeff
45%
President of the Confederate States of AmericaJefferson Davis
45%
You know you're a redneck when you like this comedianJeff Foxworthy
40%
Actor who taught the king how to speakGeoffrey Rush
38%

Score Distribution

Percentile by Number Answered

Percent of People with Each Score

Your Score History

You have not taken this quiz since the last reset